<?xml version="1.0" encoding="UTF-8"?>
<record
    xmlns:xsi="http://www.w3.org/2001/XMLSchema-instance"
    xsi:schemaLocation="http://www.loc.gov/MARC21/slim http://www.loc.gov/standards/marcxml/schema/MARC21slim.xsd"
    xmlns="http://www.loc.gov/MARC21/slim">

  <leader>02052nam a2200373   4500</leader>
  <controlfield tag="001">114287</controlfield>
  <controlfield tag="003">DR-UNIBE</controlfield>
  <controlfield tag="005">20251210145159.0</controlfield>
  <controlfield tag="008">251210b2025    gw ||||| |||| 00| 0 eng d</controlfield>
  <datafield tag="020" ind1=" " ind2=" ">
    <subfield code="a">9783406840500 (C.H. Beck)</subfield>
  </datafield>
  <datafield tag="020" ind1=" " ind2=" ">
    <subfield code="a">9781509996100 (Hart)</subfield>
  </datafield>
  <datafield tag="040" ind1=" " ind2=" ">
    <subfield code="a">BIBLIOTECA UNIBE</subfield>
    <subfield code="b">spa</subfield>
    <subfield code="c">BIBLIOTECA UNIBE</subfield>
  </datafield>
  <datafield tag="041" ind1=" " ind2=" ">
    <subfield code="a">eng</subfield>
  </datafield>
  <datafield tag="082" ind1=" " ind2=" ">
    <subfield code="2">22</subfield>
    <subfield code="a">347.09 C737g 2025</subfield>
  </datafield>
  <datafield tag="245" ind1="0" ind2="4">
    <subfield code="a">The complete guide to the Willem C. Vis international commercial arbitration moot /</subfield>
    <subfield code="c">Markus Altenkirch [y otros cuatro]</subfield>
  </datafield>
  <datafield tag="246" ind1="3" ind2=" ">
    <subfield code="a">The complete but unofficial guide to the Willem C. Vis international commercial arbitration moot</subfield>
  </datafield>
  <datafield tag="250" ind1=" " ind2=" ">
    <subfield code="a">Octava edici&#xF3;n</subfield>
  </datafield>
  <datafield tag="260" ind1=" " ind2=" ">
    <subfield code="a">M&#xFC;nchen, Germany :</subfield>
    <subfield code="b">C. H. Beck ; $a Oxford, United Kingdom :</subfield>
    <subfield code="b">Hart ;</subfield>
    <subfield code="a">Baden-Baden, Germany :</subfield>
    <subfield code="b">Nomos, </subfield>
    <subfield code="c">2025</subfield>
  </datafield>
  <datafield tag="300" ind1=" " ind2=" ">
    <subfield code="a">xv, 260 p&#xE1;ginas :</subfield>
    <subfield code="b">ilustraciones (algunas a color), mapas a color, retratos ;</subfield>
    <subfield code="c">23 cm</subfield>
  </datafield>
  <datafield tag="505" ind1="0" ind2=" ">
    <subfield code="a">Chapter I. The Vis Moot: a lifetime experience |
Chapter II. The Vis Moot: facts and figures |
Chapter III. How to start |
Chapter IV. How to write effective memoranda |
Chapter V. How to present your case before the Arbitral Tribunal |
Chapter VI. Virtual hearings |
Chapter VII. AI in the Vis Moot |
Chapter VIII. Seven days in Vienna and Hong Kong |
Chapter IX. Where to go from here |
Chapter X. Coaching |
Chapter XI. Views from the Dachgeschoss |
Chapter XII. Views from around the world.
</subfield>
  </datafield>
  <datafield tag="611" ind1="2" ind2="0">
    <subfield code="a">Willem C. Vis International Commercial Arbitration Moot</subfield>
    <subfield code="9">201434</subfield>
  </datafield>
  <datafield tag="650" ind1=" " ind2="7">
    <subfield code="2">lemb</subfield>
    <subfield code="a">Arbitramento comercial internacional</subfield>
    <subfield code="v">Gu&#xED;as</subfield>
    <subfield code="9">201458</subfield>
  </datafield>
  <datafield tag="650" ind1=" " ind2="7">
    <subfield code="2">lemb</subfield>
    <subfield code="a">Tribunales internacionales</subfield>
  </datafield>
  <datafield tag="650" ind1=" " ind2="7">
    <subfield code="a">Mediaci&#xF3;n internacional</subfield>
  </datafield>
  <datafield tag="653" ind1=" " ind2=" ">
    <subfield code="a">Tribunales simulados</subfield>
  </datafield>
  <datafield tag="655" ind1=" " ind2="7">
    <subfield code="2">lemb</subfield>
    <subfield code="a">Gu&#xED;as</subfield>
    <subfield code="9">201459</subfield>
  </datafield>
  <datafield tag="700" ind1="1" ind2=" ">
    <subfield code="a">Altenkirch, Markus</subfield>
    <subfield code="e">autor</subfield>
    <subfield code="9">147464</subfield>
  </datafield>
  <datafield tag="700" ind1="1" ind2=" ">
    <subfield code="a">Harbst, Ragnar</subfield>
    <subfield code="e">autor</subfield>
    <subfield code="9">147465</subfield>
  </datafield>
  <datafield tag="700" ind1="1" ind2=" ">
    <subfield code="a">Keilmann, Annette</subfield>
    <subfield code="e">autor</subfield>
    <subfield code="9">147466</subfield>
  </datafield>
  <datafield tag="700" ind1="1" ind2=" ">
    <subfield code="a">Reiser, Lisa</subfield>
    <subfield code="e">autor</subfield>
    <subfield code="9">147467</subfield>
  </datafield>
  <datafield tag="700" ind1="1" ind2=" ">
    <subfield code="a">Risse, J&#xF6;rg, </subfield>
    <subfield code="d">1967-</subfield>
    <subfield code="e">autor</subfield>
    <subfield code="e">editor</subfield>
    <subfield code="9">201437</subfield>
  </datafield>
  <datafield tag="700" ind1="1" ind2=" ">
    <subfield code="a">Bergsten, Eric E.</subfield>
    <subfield code="e">prologuista</subfield>
    <subfield code="9">201440</subfield>
  </datafield>
  <datafield tag="942" ind1=" " ind2=" ">
    <subfield code="2">ddc</subfield>
    <subfield code="c">BK</subfield>
  </datafield>
  <datafield tag="999" ind1=" " ind2=" ">
    <subfield code="c">114287</subfield>
    <subfield code="d">114287</subfield>
  </datafield>
  <datafield tag="952" ind1=" " ind2=" ">
    <subfield code="0">0</subfield>
    <subfield code="1">0</subfield>
    <subfield code="2">ddc</subfield>
    <subfield code="7">0</subfield>
    <subfield code="8">GEN</subfield>
    <subfield code="a">Principal</subfield>
    <subfield code="d">2025-12-10</subfield>
    <subfield code="l">0</subfield>
    <subfield code="o">347.09 C737g 2025</subfield>
    <subfield code="p">251150</subfield>
    <subfield code="r">2025-12-10 13:34:46</subfield>
    <subfield code="t">Ej. 1</subfield>
    <subfield code="w">2025-12-10</subfield>
    <subfield code="y">BK</subfield>
  </datafield>
</record>
